Biggest Casino Cities in the USA - Statistics

General Stats
  • This quiz has been taken 112 times
  • The average score is 8 of 15
Answer Stats
Hint Answer % Correct
1 (Nevada) Las Vegas
98%
3 (Nevada) Reno
83%
2 (New Jersey) Atlantic City
82%
7 (Louisiana) New Orleans
76%
15 (Arizona) Phoenix
65%
12 (Pennsylvania) Philadelphia
60%
9 (Michigan) Detroit
58%
10 (Missouri) St. Louis
55%
13 (Florida) Tampa
54%
4 (Mississipi) Biloxi
49%
6 (Louisiana) Shreveport
42%
14 (California) San Diego
41%
11 (Louisiana) Lake Charles
14%
5 (Mississipi) Tunica
11%
8 (Colorado) Black Hawk
7%
No matching quizzes found
Score Distribution
Percent of People with Each Score
Percentile by Number Answered
Your Score History
You have not taken this quiz